[Event "ARM-ch 68th"]
[Site "Yerevan"]
[Date "2008.01.20"]
[Round "12"]
[White "Minasian, Artashes"]
[Black "Yegiazarian, Arsen"]
[Result "1-0"]
[WhiteElo "2578"]
[BlackElo "2512"]
[PlyCount "137"]
[EventDate "2008.01.08"]
[EventType "tourn"]
[EventRounds "13"]
[EventCountry "ARM"]
[EventCategory "12"]
[SourceTitle "CBM 122"]
[Source "ChessBase"]
[SourceDate "2008.01.30"]
[SourceVersion "1"]
[SourceVersionDate "2008.01.30"]
[SourceQuality "1"]

1. e4 c5 2. Nf3 e6 3. d3 Nc6 4. g3 g6 5. Bg5 Be7 6. h4 h6 7. Bxe7 Qxe7 8. Nc3 d5 9. d4 Nf6 10. e5 Ne4 11. Bd3 Nxc3 12. bxc3 Bd7 13. Qd2 0-0-0 14. Qe3 c4 15. Be2 Kb8 16. a3 Ka8 17. Kd2 Rc8 18. Nh2 h5 19. Nf3 Nb8 20. Qg5 Qe8 21. Qf4 Ba4 22. Ng5 Rc7 23. g4 hxg4 24. Bxg4 Nc6 25. h5 gxh5 26. Rxh5 Rxh5 27. Bxh5 Nd8 28. Qf6 a5 29. Rh1 Ka7 30. Bd1 Re7 31. Rh8 Qd7 32. Rf8 Re8 33. Rxe8 Qxe8 34. Bh5 Qf8 35. Nxf7 Nxf7 36. Bxf7 Qxa3 37. Qxe6 Bc6 38. Qd6 Qxd6 39. exd6 Bd7 40. Bxd5 b5 41. f4 Kb8 42. Be4 Kc8 43. f5 Kd8 44. f6 Ke8 45. Bb7 Kf7 46. d5 Kxf6 47. Bc6 Bxc6 48. dxc6 Ke6 49. d7 Ke7 50. Ke3 Kd8 51. Kd4 a4 52. Kc5 Kc7 53. Kb4 Kd8 54. Kxb5 a3 55. Kb6 a2 56. Kb7 a1Q 57. c7+ Kxd7 58. c8Q+ Kd6 59. Qxc4 Qh1+ 60. Kb6 Qc1 61. Qd3+ Ke7 62. c4 Qh6+ 63. Kb5 Qh5+ 64. c5 Qe8+ 65. c6 Qb8+ 66. Kc4 Qg8+ 67. Qd5 Qg4+ 68. Kb5 Qe2+ 69. Kb6 1-0

[Event "ARM-ch 68th"]
[Site "Yerevan"]
[Date "2008.01.11"]
[Round "4"]
[White "Yegiazarian, Arsen"]
[Black "Anastasian, Ashot"]
[Result "0-1"]
[WhiteElo "2512"]
[BlackElo "2562"]
[PlyCount "92"]
[EventDate "2008.01.08"]
[EventType "tourn"]
[EventRounds "13"]
[EventCountry "ARM"]
[EventCategory "12"]
[SourceTitle "CBM 122"]
[Source "ChessBase"]
[SourceDate "2008.01.30"]
[SourceVersion "1"]
[SourceVersionDate "2008.01.30"]
[SourceQuality "1"]

1. e4 e6 2. d4 d5 3. Nd2 c5 4. Ngf3 cxd4 5. Nxd4 Nc6 6. Bb5 Bd7 7. Nxc6 Bxc6 8. Bxc6+ bxc6 9. 0-0 Nf6 10. Re1 Be7 11. e5 Nd7 12. Qg4 0-0 13. Nf3 Re8 14. Bf4 Nf8 15. Rad1 Qb6 16. b3 a5 17. h4 Kh8 18. Rd3 a4 19. Ng5 f5 20. exf6 Bxf6 21. Be5 Bxe5 22. Nf7+ Kg8 23. Nh6+ Kh8 24. Nf7+ Kg8 25. Nxe5 axb3 26. axb3 Ra7 27. h5 h6 28. Ng6 Rf7 29. Ree3 Nd7 30. Rf3 Nf6 31. Qf4 Qc7 32. Qh4 e5 33. Rg3 e4 34. Rd1 c5 35. c3 Qb6 36. c4 d4 37. Nf4 e3 38. fxe3 Qxb3 39. Rf1 Ne4 40. Rg4 d3 41. Rg6 d2 42. Qg4 Qxe3+ 43. Kh2 Nf2 44. Rxf2 Qxf2 45. Re6 Rxe6 46. Qxe6 Qxf4+ 0-1

[Event "ARM-ch"]
[Site "Yerevan"]
[Date "2007.01.23"]
[Round "8"]
[White "Anastasian, Ashot"]
[Black "Yegiazarian, Arsen"]
[Result "0-1"]
[WhiteElo "2587"]
[BlackElo "2498"]
[PlyCount "80"]
[EventDate "2007.01.16"]
[EventType "tourn"]
[EventRounds "11"]
[EventCountry "ARM"]
[EventCategory "11"]
[SourceTitle "CBM 116 Extra"]
[Source "ChessBase"]
[SourceDate "2007.03.07"]
[SourceVersion "1"]
[SourceVersionDate "2007.03.07"]
[SourceQuality "1"]

1. Nf3 Nf6 2. c4 c5 3. Nc3 d5 4. cxd5 Nxd5 5. e4 Nb4 6. Bc4 Nd3+ 7. Ke2 Nf4+ 8. Kf1 Ne6 9. Ne5 Nc6 10. Nxc6 bxc6 11. d3 g6 12. Be3 Bg7 13. h4 h5 14. Rc1 0-0 15. Na4 Bd4 16. Qd2 Qd6 17. b3 Rd8 18. Bxe6 Bxe6 19. Bxd4 cxd4 20. Ke2 Rab8 21. f3 Rb5 22. Kf2 Kg7 23. Rc2 f5 24. Rhc1 fxe4 25. dxe4 Qh2 26. Rxc6 Bh3 27. Rg1 Bg4 28. Nc5 Rf8 29. Ne6+ Bxe6 30. Rxe6 Qxh4+ 31. Ke2 Rd8 32. Kd3 Rc5 33. Rd1 Rc3+ 34. Ke2 d3+ 35. Kf1 Rc2 36. Qe3 Rxa2 37. Qc5 Rd7 38. Rc6 Rc2 39. Qe5+ Kh7 40. Rxc2 dxc2 0-1

[Event "EU-Cup 22nd"]
[Site "Fuegen"]
[Date "2006.10.14"]
[Round "7.6"]
[White "Yegiazarian, Arsen"]
[Black "Rade, Miroslav"]
[Result "0-1"]
[WhiteElo "2507"]
[BlackElo "2425"]
[PlyCount "98"]
[EventDate "2006.10.08"]
[EventType "team-swiss"]
[EventRounds "7"]
[EventCountry "AUT"]
[SourceTitle "CBM 115"]
[Source "ChessBase"]
[SourceDate "2006.11.15"]
[SourceVersion "1"]
[SourceVersionDate "2006.11.15"]
[SourceQuality "1"]
[WhiteTeam "Yerevan"]
[BlackTeam "Brijeg"]
[WhiteTeamCountry "ARM"]
[BlackTeamCountry "BIH"]

1. Nf3 Nf6 2. c4 c5 3. Nc3 Nc6 4. e3 e5 5. d4 cxd4 6. exd4 e4 7. Ne5 Bb4 8. Be2 Qa5 9. Nxc6 dxc6 10. 0-0 0-0 11. Bd2 Re8 12. a3 Bxc3 13. Bxc3 Qf5 14. f3 Qg6 15. fxe4 Bh3 16. Bf3 Nxe4 17. Rc1 f5 18. Rc2 Bg4 19. h3 Bxf3 20. Qxf3 Ng3 21. Re1 Ne4 22. Rce2 h5 23. Re3 Rad8 24. Qf4 b5 25. Rf1 Rf8 26. cxb5 cxb5 27. Qe5 a6 28. Ref3 Rfe8 29. Qf4 Rd5 30. Kh2 Kh7 31. Ba5 Nf6 32. Rg3 Qh6 33. Qxh6+ Kxh6 34. Bc7 Nd7 35. Bf4+ Kh7 36. Be5 Nxe5 37. dxe5 Rexe5 38. Rc1 h4 39. Rgc3 Re2 40. R1c2 Rdd2 41. Rxd2 Rxd2 42. Rc6 g5 43. Rxa6 g4 44. hxg4 fxg4 45. Kg1 g3 46. Kf1 Rf2+ 47. Kg1 Rxb2 48. Kf1 Rb1+ 49. Ke2 h3 0-1